[Event "They are watching!"]
[Site "SchemingMind.com"]
[Date "2013.05.04"]
[Round "-"]
[White "MazetaFighter"]
[Black "emvarela"]
[Result "1-0"]
[WhiteCountry "GRE"]
[BlackCountry "ARG"]
[WhiteElo "1983"]
[WhiteRD "66"]
[BlackElo "1761"]
[BlackRD "48"]
[GameID "331309"]

1. e4 e5 2. Nf3 Nc6 3. d4 exd4 4. Nxd4 Bc5 5. Be3 Qf6 6. c3 Nge7 7. Bc4 d6 8. O-O O-O 9. Nxc6 Nxc6 10. Bxc5 dxc5
11. f4 Be6 12. Na3 Bxc4 13. Nxc4 b5 14. Ne3 Rad8 15. Nd5 Qd6 16. Qf3 Ne7 17. Rad1 Nxd5 18. Rxd5 Qc6 19. Rfd1 Rd6 20. Qd3 Rfd8
21. c4 bxc4 22. Qxc4 Rxd5 23. Rxd5 Rxd5 24. Qxd5 Qxd5 25. exd5 f5 26. Kf2 Kf7 27. Ke3 Ke7 28. Kd3 Kd6 29. Kc4 a6 30. b3 h5
31. g3 g6 32. h3 c6 33. dxc6 Kxc6 34. a3 Kd6 35. b4 cxb4 36. Kxb4 Kc6 37. Ka4 Kb6 38. Kb3 a5 39. Kc4 Kc6 40. a4 Kb6
41. Kd5
1-0

[Event "They are watching!"]
[Site "SchemingMind.com"]
[Date "2013.05.04"]
[Round "-"]
[White "emvarela"]
[Black "MazetaFighter"]
[Result "0-1"]
[WhiteCountry "ARG"]
[BlackCountry "GRE"]
[WhiteElo "1761"]
[WhiteRD "48"]
[BlackElo "1983"]
[BlackRD "66"]
[GameID "331312"]

1. e4 e5 2. Nf3 Nc6 3. Bb5 Nf6 4. O-O Nxe4 5. d4 Nd6 6. Bxc6 dxc6 7. dxe5 Nf5 8. Qxd8+ Kxd8 9. Rd1+ Ke8 10. Nc3 a5
11. a3 Ne7 12. Bf4 Ng6 13. Bg3 Bg4 14. h3 Bxf3 15. gxf3 Be7 16. Rd3 Rd8 17. Rad1 Rxd3 18. Rxd3 Nf8 19. f4 Ne6 20. Ne2 f6
21. exf6 Bxf6 22. c3 g6 23. f5 gxf5 24. Nf4 Nxf4 25. Bxf4 Rg8+ 26. Rg3 Rxg3+ 27. fxg3 Kd7 28. Kf2 h5 29. Ke3 c5 30. Kf3 c6
31. h4 a4 32. Ke3 Ke6 33. Kd3 b5 34. Ke3 Kd5 35. Kd3 b4 36. c4+ Ke6 37. axb4 cxb4
0-1

[Event "They are watching!"]
[Site "SchemingMind.com"]
[Date "2013.05.22"]
[Round "-"]
[White "Teagy"]
[Black "NYNH"]
[Result "0-1"]
[WhiteCountry "ENG"]
[BlackCountry "USA"]
[WhiteElo "1797"]
[WhiteRD "74"]
[BlackElo "2022"]
[BlackRD "71"]
[GameID "332190"]

1. Nf3 c5 2. g3 Nf6 3. Bg2 e6 4. d3 Be7 5. O-O O-O 6. e4 d5 7. e5 Nfd7 8. Re1 Nc6 9. Bf4 a6 10. Nbd2 b5
11. h4 h6 12. Nf1 Bb7 13. N1h2 a5 14. Qd2 a4 15. Bxh6 gxh6 16. Qxh6 Re8 17. Ng5 Bxg5 18. hxg5 Ncxe5
0-1

[Event "They are watching!"]
[Site "SchemingMind.com"]
[Date "2013.05.22"]
[Round "-"]
[White "NYNH"]
[Black "Teagy"]
[Result "1-0"]
[WhiteCountry "USA"]
[BlackCountry "ENG"]
[WhiteElo "2022"]
[WhiteRD "71"]
[BlackElo "1797"]
[BlackRD "74"]
[GameID "332193"]

1. d4 f5 2. Bg5 h6 3. Bh4 g5 4. e3 Bg7 5. Qh5+ Kf8 6. Bg3 Nf6 7. Qf3 d6 8. Bd3 g4 9. Qd1 Nc6 10. c3 Be6
11. Ne2 Bf7 12. Bxf5 h5 13. h4 e5 14. Nd2 Ke7 15. Ne4 Re8 16. Ng5 Kf8 17. dxe5 dxe5 18. Nxf7 Kxf7 19. Qb3+ Qd5 20. O-O Qxb3
21. axb3 a6 22. b4 Rad8= 23. Rfd1 Rxd1+ 24. Rxd1 Rd8 25. Rxd8 Nxd8 26. Bxe5
1-0

[Event "They are watching!"]
[Site "SchemingMind.com"]
[Date "2013.06.06"]
[Round "-"]
[White "Scooter"]
[Black "erobeno"]
[Result "0-1"]
[WhiteCountry "USA"]
[BlackCountry "TUR"]
[WhiteElo "1740"]
[WhiteRD "49"]
[BlackElo "1896"]
[BlackRD "66"]
[GameID "332809"]

1. d4 d5 2. Nf3 Nf6 3. Bf4 Nc6 4. e3 Bg4 5. Be2 e6 6. h3 Bf5 7. c3 Bd6 8. Bxd6 Qxd6 9. O-O O-O 10. Nbd2 a6
11. Nh4 Ne7 12. Nxf5 Nxf5 13. Bd3 Nh4 14. Nf3 Nxf3+ 15. Qxf3 c5 16. dxc5 Qxc5 17. Rfd1 Rac8 18. Rac1 Rfd8 19. c4 Qa5 20. cxd5 Rxc1
21. Rxc1 Nxd5 22. Qh5 g6 23. Qg5 f6 24. Qg4 Kf7 25. a3 Qd2 26. Qc4 Qxb2 27. e4 b5 28. Qc2 Qxc2 29. Bxc2 Nf4 30. Kf1 Rc8
0-1

[Event "They are watching!"]
[Site "SchemingMind.com"]
[Date "2013.06.06"]
[Round "-"]
[White "erobeno"]
[Black "Scooter"]
[Result "1-0"]
[WhiteCountry "TUR"]
[BlackCountry "USA"]
[WhiteElo "1896"]
[WhiteRD "66"]
[BlackElo "1740"]
[BlackRD "49"]
[GameID "332813"]

1. e4 c6 2. d4 d5 3. Nc3 dxe4 4. Nxe4 Bf5 5. Ng3 Bg6 6. h4 h6 7. h5 Bh7 8. Nf3 Nd7 9. Bd3 Bxd3 10. Qxd3 Qc7
11. Rh4 e6 12. Bd2 O-O-O 13. O-O-O Ngf6 14. Re1 Be7 15. Ne4 Nxe4 16. Qxe4 Bxh4 17. Qxh4 Nf6 18. Ne5 Rhf8 19. Kb1 Nd5 20. Qh3 Nf6
21. Qh4 c5 22. c3 cxd4 23. cxd4 Qd6 24. Rc1+ Kb8 25. Nc6+ Ka8 26. Nxd8 Rxd8 27. Bxh6 gxh6 28. Qxf6 a6 29. a3 Qxd4 30. Rc8+
1-0

[Event "They are watching!"]
[Site "SchemingMind.com"]
[Date "2013.06.28"]
[Round "-"]
[White "Amaroun"]
[Black "NimbleKnight"]
[Result "0-1"]
[WhiteCountry "CZE"]
[BlackCountry "USA"]
[WhiteElo "1668"]
[WhiteRD "122"]
[BlackElo "1900"]
[BlackRD "70"]
[GameID "333693"]

1. d4 Nf6 2. c4 e6 3. Nf3 Bb4+ 4. Bd2 Bxd2+ 5. Qxd2 b6 6. g3 Ba6 7. b3 Bb7 8. Bg2 Ne4 9. Qd3 d5 10. Ne5 Nd7
11. cxd5 exd5 12. Nxd7 Qxd7 13. Nc3 Nxc3 14. Qxc3 O-O 15. O-O Rfe8 16. e3 c6 17. a3 Ba6 18. Rfe1 Rac8 19. a4 f5
0-1

[Event "They are watching!"]
[Site "SchemingMind.com"]
[Date "2013.06.28"]
[Round "-"]
[White "NimbleKnight"]
[Black "Amaroun"]
[Result "1-0"]
[WhiteCountry "USA"]
[BlackCountry "CZE"]
[WhiteElo "1900"]
[WhiteRD "70"]
[BlackElo "1668"]
[BlackRD "122"]
[GameID "333697"]

1. d4 d5 2. c4 e6 3. Nc3 c6 4. cxd5 exd5 5. Bf4 Bd6 6. Bxd6 Qxd6 7. e3 Nf6 8. Bd3 Nbd7 9. Nf3 Qb4 10. Qc2 c5
11. dxc5 Nxc5 12. Bb5+ Bd7 13. Bxd7+ Ncxd7 14. O-O Rc8 15. Qd2 Nb6 16. a3 Qc5 17. Nd4 Nc4 18. Qe2 O-O 19. Rac1 b5 20. Ncxb5
1-0

[Event "They are watching!"]
[Site "SchemingMind.com"]
[Date "2013.07.01"]
[Round "-"]
[White "bull mccabe"]
[Black "gavrilo2"]
[Result "1-0"]
[WhiteCountry "IRL"]
[BlackCountry "IRL"]
[WhiteElo "1985"]
[WhiteRD "147"]
[BlackElo "1798"]
[BlackRD "75"]
[GameID "333716"]

1. e4 e5 2. Nf3 Nc6 3. Bb5 a6 4. Ba4 Nf6 5. O-O Nxe4 6. d4 Be7 7. Re1 b5 8. Bb3 d5 9. dxe5 Be6 10. c3 O-O
11. Nbd2 Nc5 12. Nd4 Nxd4 13. cxd4 Nd3 14. Re3 Nf4 15. Bc2 f5 16. Nb3 Rc8 17. Bd2 c5 18. Nxc5 Bxc5 19. dxc5 d4 20. Rg3 Nd5
21. b4 Re8 22. Bh6 g6 23. Qxd4 Qc7 24. Bxf5 Bxf5 25. Qxd5+ Re6 26. Rg5 Re8 27. Re1 Kh8 28. f4 R6e7 29. Rg3 Be6 30. Qd6 Qc8
31. Ra3 Rd7 32. Qxa6 Qd8 33. Bg5 Qc7 34. Qxb5
1-0

[Event "They are watching!"]
[Site "SchemingMind.com"]
[Date "2013.06.30"]
[Round "-"]
[White "gavrilo2"]
[Black "bull mccabe"]
[Result "1-0"]
[WhiteCountry "IRL"]
[BlackCountry "IRL"]
[WhiteElo "1814"]
[WhiteRD "77"]
[BlackElo "1906"]
[BlackRD "142"]
[GameID "333719"]

1. e4 c5 2. Nf3 Nc6 3. d4 cxd4 4. Nxd4 e5 5. Nb5 d6 6. N1c3 a6 7. Na3 b5 8. Nd5 Nf6 9. Bg5 Be7 10. Bxf6 Bxf6
11. c3 O-O 12. Nc2 Bg5 13. a4 bxa4 14. Rxa4 Ne7 15. Bd3 Nxd5 16. exd5 Qe8 17. Ne3 Bd7 18. Rxa6 Rxa6 19. Bxa6 Qb8 20. Qe2 Qb6
21. O-O Re8 22. Bc4 Ra8 23. b4 Rc8 24. Rb1 f5 25. Kh1 f4 26. Nd1 f3 27. gxf3 Bf4 28. Bd3 Kh8 29. c4 Bh3 30. Qc2 g6
31. Nc3 Ra8 32. Ne4 Qd8 33. Qb3 Qh4 34. Ng3 Qd8 35. c5 dxc5 36. bxc5 Qf8 37. d6 Bxg3 38. Be4 Bxf2 39. Bxa8 Qxa8 40. Qb8+ Qxb8
41. Rxb8+ Kg7 42. c6
1-0

[Event "They are watching!"]
[Site "SchemingMind.com"]
[Date "2013.07.02"]
[Round "-"]
[White "Ronald R. Nurmi"]
[Black "John Hamer"]
[Result "0-1"]
[WhiteCountry "USA"]
[BlackCountry "ENG"]
[WhiteElo "1785"]
[WhiteRD "80"]
[BlackElo "2115"]
[BlackRD "68"]
[GameID "333966"]

1. d4 Nf6 2. Bg5 Ne4 3. Bf4 d5 4. f3 Nf6 5. e4 dxe4 6. Nc3 exf3 7. Nxf3 c6 8. Bc4 e6 9. O-O Be7 10. Qe2 O-O
11. Rae1 Qb6 12. Bb3 Na6 13. a3 c5 14. Na4 Qa5 15. Nxc5 Nxc5 16. dxc5 Qxc5+ 17. Kh1 Bd7 18. Ne5 Rfd8 19. Nxd7 Rxd7 20. Rd1 Rxd1
21. Rxd1 Qf5 22. Bg3 Ne4 23. Be1 Qe5 24. Qd3 Nc5 25. Qc3 Qc7 26. Bg3 Qb6 27. Qe3 Bf6 28. Rb1 Qc6 29. Ba2 Ne4 30. c3 Rd8
31. Be1 b6 32. Kg1 Bg5 33. Qe2 Qc5+ 34. Kh1 Qf5 35. Kg1 Nd2 36. Rd1 Qc2
0-1

[Event "They are watching!"]
[Site "SchemingMind.com"]
[Date "2013.07.01"]
[Round "-"]
[White "John Hamer"]
[Black "Ronald R. Nurmi"]
[Result "1/2-1/2"]
[WhiteCountry "ENG"]
[BlackCountry "USA"]
[WhiteElo "2110"]
[WhiteRD "67"]
[BlackElo "1807"]
[BlackRD "84"]
[GameID "333969"]

1. d4 d5 2. c4 c6 3. Nf3 Nf6 4. Bf4 dxc4 5. e3 b5 6. a4 e6 7. Nc3 Bb4 8. Nd2 Bxc3 9. bxc3 Nd5 10. axb5 Nxf4
11. exf4 cxb5 12. Qf3 Qd5 13. Qg3 O-O 14. Be2 Bb7 15. Bf3 Qd7 16. Ne4 Bxe4 17. Bxe4 Nc6 18. O-O Rad8 19. Qh3 f5 20. Bxc6 Qxc6
21. Rxa7 Ra8 22. Re7=
1/2-1/2

[Event "They are watching!"]
[Site "SchemingMind.com"]
[Date "2013.07.12"]
[Round "-"]
[White "MazetaFighter"]
[Black "kenneth m day"]
[Result "1-0"]
[WhiteCountry "GRE"]
[BlackCountry "USA"]
[WhiteElo "1989"]
[WhiteRD "71"]
[BlackElo "1771"]
[BlackRD "54"]
[GameID "334459"]

1. d4 Nf6 2. c4 e6 3. Nc3 Bb4 4. a3 Bxc3+ 5. bxc3 c5 6. e3 O-O 7. Bd3 Nc6 8. Ne2 b6 9. e4 Bb7 10. e5 Ne8
11. Qc2 d6 12. Bxh7+ Kh8 13. Bf4 Qh4 14. Be4 dxe5 15. Bg3 Qe7 16. dxe5 Rb8 17. O-O g6 18. Rfd1 Kg7 19. Rd2 Rd8 20. Rad1 Nc7
21. Rd6 Rxd6 22. exd6 Qd7 23. dxc7 Nd4 24. cxd4
1-0

[Event "They are watching!"]
[Site "SchemingMind.com"]
[Date "2013.07.11"]
[Round "-"]
[White "kenneth m day"]
[Black "MazetaFighter"]
[Result "0-1"]
[WhiteCountry "USA"]
[BlackCountry "GRE"]
[WhiteElo "1771"]
[WhiteRD "54"]
[BlackElo "1989"]
[BlackRD "71"]
[GameID "334464"]

1. e4 e5 2. Nf3 Nc6 3. c3 Nf6 4. d4 Nxe4 5. d5 Nb8 6. Nxe5 Qe7 7. Qd4 Nd6 8. Kd1 Qf6 9. Bf4 Be7 10. Nd2 Nf5
11. Qe4 c6 12. Bc4 Nd6 13. Qf3 Nxc4 14. Ndxc4 d6 15. Ng4 Qh4 16. Nce3 Bxg4 17. Nxg4 f5 18. Ne3 O-O 19. Kc2 g5 20. Bg3 Qe4+
21. Qxe4 fxe4 22. dxc6 Nxc6 23. Rad1 Rad8 24. Rhe1 h5 25. h3 h4 26. Bh2 Rxf2+ 27. Rd2 Rxd2+ 28. Kxd2 d5 29. Nf5 Bf6 30. Rf1 Ne5
31. Nh6+ Kg7 32. Nf5+ Kg6 33. Nd4 Nc4+ 34. Kc1 Bxd4 35. cxd4 Rc8 36. Rf2 Ne5+ 37. Kd2 Nd3
0-1

[Event "They are watching!"]
[Site "SchemingMind.com"]
[Date "2013.08.26"]
[Round "-"]
[White "NimbleKnight"]
[Black "NYNH"]
[Result "0-1"]
[WhiteCountry "USA"]
[BlackCountry "USA"]
[WhiteElo "1854"]
[WhiteRD "70"]
[BlackElo "1947"]
[BlackRD "68"]
[GameID "337163"]

1. d4 Nf6 2. c4 e6 3. Nc3 Bb4 4. e3 O-O 5. Bd3 c5 6. Nf3 d5 7. O-O Nc6 8. a3 Bxc3 9. bxc3 Qc7 10. cxd5 exd5
11. dxc5 Bg4 12. Rb1 Rfd8 13. h3 Bh5 14. Be2 Rab8 15. Nd4 Bxe2 16. Qxe2 Ne5 17. Rd1 Qxc5 18. Qb2 Ne4 19. Bd2 Nc4 20. Qc1 Nexd2
21. Rxd2 Nxd2 22. Qxd2 Qxa3 23. Qb2 Qxb2 24. Rxb2 a6 25. Kf1 Rdc8 26. Ne2 b5 27. Ke1 a5 28. Kd2 b4 29. cxb4 Rxb4 30. Ra2 a4
31. Nd4 Kf8 32. h4 Ke7 33. g3 g6 34. Kd1 Kd6 35. Kd2 Rcc4 36. Ne2 Rb3 37. Nd4 Rb1 38. Ke2 Kc5 39. Kd2 Kb4 40. Kd3 Rd1+
41. Ke2 Rdxd4 42. exd4 Rxd4 43. Ke3 Re4+ 44. Kd3 Kb3 45. Ra1 Kb2 46. Rd1 a3 47. Rd2+ Kb3 48. Rd1 a2
0-1

[Event "They are watching!"]
[Site "SchemingMind.com"]
[Date "2013.08.22"]
[Round "-"]
[White "NYNH"]
[Black "NimbleKnight"]
[Result "1-0"]
[WhiteCountry "USA"]
[BlackCountry "USA"]
[WhiteElo "1947"]
[WhiteRD "68"]
[BlackElo "1854"]
[BlackRD "70"]
[GameID "337164"]

1. d4 Nf6 2. c4 e6 3. g3 d5 4. Nf3 Bb4+ 5. Bd2 Be7 6. Bg2 O-O 7. O-O c6 8. Qc2 Nbd7 9. Bf4 Re8 10. Rd1 dxc4
11. Qxc4 Nb6 12. Qc2 Nbd5 13. Bd2 Qb6 14. Nc3 Nd7 15. e4 N5f6 16. h3 Nf8 17. Be3 Qd8 18. Na4 Bd7 19. Nc5 Bxc5 20. dxc5 e5
21. Nd2 Qc7 22. Nc4 h6 23. Nd6 Re7 24. b4 Rd8 25. Qa4 a6 26. Rd2 Qb8 27. Rad1 Be8 28. Qa5 Red7 29. Qa3 Ng6 30. Nxe8 Rxd2
31. Nxf6+ gxf6 32. Rxd2 Rxd2 33. Bxd2 Kg7 34. Qd3 Qe8 35. Qd6 Qe7 36. Qxe7 Nxe7 37. Kf1 Nc8 38. Ke2 Na7 39. Kd3 Kg6 40. Kc4 Kg7
41. Bf3 Kh7 42. Bg4 Kg7 43. h4 Kg6 44. h5+ Kg7 45. Bf5 Kg8 46. Bxh6 Kh8 47. a4 Kg8 48. f3 Kh8 49. Bf8 b5+ 50. cxb6
1-0

[Event "They are watching!"]
[Site "SchemingMind.com"]
[Date "2013.09.24"]
[Round "-"]
[White "MazetaFighter"]
[Black "John Hamer"]
[Result "1/2-1/2"]
[WhiteCountry "GRE"]
[BlackCountry "ENG"]
[WhiteElo "2015"]
[WhiteRD "74"]
[BlackElo "2056"]
[BlackRD "65"]
[GameID "338854"]

1. e4 c6 2. d4 d5 3. Nc3 dxe4 4. Nxe4 Nd7 5. Bc4 Ngf6 6. Ng5 e6 7. Qe2 Nb6 8. Bb3 h6 9. N5f3 c5 10. Be3 Qc7
11. Ne5 Bd6 12. Ngf3 O-O 13. O-O Nbd5 14. c3 b6 15. Rad1 Nxe3 16. fxe3 Bb7 17. Bc2 Rad8 18. Nc4 Be7 19. Nfe5= b5 20. Nd2 a6
21. Rf2 Bd5 22. Qd3 c4 23. Qe2 Bb7 24. Rdf1 Qa5 25. a3 Qb6 26. e4 Kh8 27. Nxf7+ Rxf7 28. e5 Kg8 29. exf6 gxf6 30. Qh5 e5
31. Qxh6 exd4 32. cxd4 Qxd4 33. Kh1 Qxb2 34. Bg6 Rg7 35. Ne4 Qxa3=
1/2-1/2

[Event "They are watching!"]
[Site "SchemingMind.com"]
[Date "2013.09.24"]
[Round "-"]
[White "John Hamer"]
[Black "MazetaFighter"]
[Result "1-0"]
[WhiteCountry "ENG"]
[BlackCountry "GRE"]
[WhiteElo "2055"]
[WhiteRD "67"]
[BlackElo "2019"]
[BlackRD "70"]
[GameID "338857"]

1. c4 Nf6 2. Nf3 e6 3. d4 d5 4. Bf4 c6 5. e3 Nbd7 6. Nc3 Qa5 7. Qc2 Ne4 8. Bd3 Nxc3 9. bxc3 dxc4 10. Bxc4 Nb6
11. Bc7 Qa3 12. Bb3 Nd5 13. Bg3 Nxc3 14. O-O Nd5 15. Ne5 Nb4 16. Qe2 Bd6 17. Nc4
1-0

[Event "They are watching!"]
[Site "SchemingMind.com"]
[Date "2013.10.11"]
[Round "-"]
[White "bull mccabe"]
[Black "michel"]
[Result "0-1"]
[WhiteCountry "IRL"]
[BlackCountry "CAN"]
[WhiteElo "1870"]
[WhiteRD "136"]
[BlackElo "2214"]
[BlackRD "58"]
[GameID "339837"]

1. e4 e5 2. Nf3 Nc6 3. Bb5 f5 4. Nc3 fxe4 5. Nxe4 Nf6 6. Qe2 d5 7. Nxf6+ gxf6 8. d4 Bg7 9. dxe5 O-O 10. Bxc6 bxc6
11. e6 Re8 12. O-O Rxe6 13. Be3 c5 14. Rfe1 d4 15. Qd2 Bb7 16. Bh6 Qd7 17. Rxe6 Qxe6 18. Re1 Qd7 19. Bxg7 Qxg7 20. Qf4 Rd8
21. Re6 Rf8 22. a3 Bd5 23. Re2 a5 24. h3 c6 25. b3 Kh8 26. g3 a4 27. bxa4 Ra8 28. Ne1 Qf8 29. Qc7 Qd8 30. Qb7 Qc8
31. Qxc8+ Rxc8 32. Nd3 c4 33. Nf4 Bf3 34. Re1 Rd8 35. Rb1 Kg8 36. Ne6 Rd6 37. Rb8+ Kf7
0-1

[Event "They are watching!"]
[Site "SchemingMind.com"]
[Date "2013.10.11"]
[Round "-"]
[White "michel"]
[Black "bull mccabe"]
[Result "1-0"]
[WhiteCountry "CAN"]
[BlackCountry "IRL"]
[WhiteElo "2214"]
[WhiteRD "58"]
[BlackElo "1870"]
[BlackRD "136"]
[GameID "339839"]

1. e4 c5 2. Nf3 Nc6 3. Bb5 d6 4. O-O Bd7 5. Re1 Nf6 6. c3 a6 7. Ba4 b5 8. Bc2 e5 9. h3 Be7 10. d4 O-O
11. d5 Na5 12. Nxe5 dxe5 13. d6 Nc4 14. dxe7 Qxe7 15. Qf3 Rad8 16. b3 Nd6 17. Be3 c4 18. Nd2 Bc6 19. Bc5 Qc7 20. bxc4 Bb7
21. Qe3 Nd7 22. Ba3 bxc4 23. Rad1 h6 24. Qg3 f6 25. Qe3 Nb6 26. Bc5 Nd7 27. Bb4 a5 28. Bxd6 Qxd6 29. Nxc4 Qc7 30. Nd6 Nc5
31. Nxb7 Nxb7 32. Bb3+ Kh8 33. Bd5 Nc5 34. Rb1 f5 35. c4 f4 36. Qf3 Rf6 37. Rb5 a4 38. Reb1 Qd6 39. Ra5 Rg6 40. Qa3
1-0

[Event "They are watching!"]
[Site "SchemingMind.com"]
[Date "2013.12.05"]
[Round "-"]
[White "michel"]
[Black "jnable"]
[Result "1-0"]
[WhiteCountry "CAN"]
[BlackCountry "PHI"]
[WhiteElo "2214"]
[WhiteRD "58"]
[BlackElo "1763"]
[BlackRD "91"]
[GameID "343129"]

1. e4 c5 2. Nf3 Nc6 3. Bb5 d6 4. O-O Bd7 5. c3 e6 6. d4 d5 7. exd5 exd5 8. Re1+ Be7 9. dxc5 Nf6 10. Bg5 O-O
11. Bxf6 Bxf6 12. Qxd5 Be6 13. Qxd8 Raxd8 14. Nbd2 Ne5 15. Nd4 Bd5 16. Ne4 Be7 17. Nf5 Ng6 18. Ned6 a6 19. Nxe7+ Nxe7 20. Bxa6 bxa6
21. Rxe7 Rb8 22. b4
1-0

[Event "They are watching!"]
[Site "SchemingMind.com"]
[Date "2013.12.04"]
[Round "-"]
[White "jnable"]
[Black "michel"]
[Result "0-1"]
[WhiteCountry "PHI"]
[BlackCountry "CAN"]
[WhiteElo "1763"]
[WhiteRD "91"]
[BlackElo "2214"]
[BlackRD "58"]
[GameID "343132"]

1. d4 Nf6 2. c4 c5 3. d5 b5 4. cxb5 a6 5. Nc3 axb5 6. Nxb5 Ba6 7. Nc3 d6 8. e4 Bxf1 9. Kxf1 g6 10. Nge2 Bg7
11. f3 Nbd7 12. a3 O-O 13. Be3 Qb8 14. Rb1 Qb6 15. g3 Qa6 16. Kg2 Rfb8 17. Qc2 Ne5 18. Rhd1 Nfd7 19. h3 Nc4 20. Bc1 Nce5
21. Bg5 h6 22. Bxe7 Nc4 23. Qd3 Nde5
0-1

[Event "They are watching!"]
[Site "SchemingMind.com"]
[Date "2014.01.01"]
[Round "-"]
[White "John Hamer"]
[Black "michel"]
[Result "1/2-1/2"]
[WhiteCountry "ENG"]
[BlackCountry "CAN"]
[WhiteElo "2079"]
[WhiteRD "70"]
[BlackElo "2197"]
[BlackRD "56"]
[GameID "344409"]

1. d4 Nf6 2. Nf3 c5 3. c4 cxd4 4. Nxd4 e5 5. Nc2 d5 6. cxd5 Qxd5 7. Bd2 Bc5 8. Nc3 Qe6 9. e4 Ng4 10. Ne3 Nxe3
11. fxe3 O-O 12. Nd5 Qh6 13. Qf3 Bd6 14. O-O-O Be6 15. Bc3 Nd7 16. Bd3 Rac8 17. Bc2 Rfd8 18. h4 Nf6 19. Nxf6+ Qxf6 20. Qxf6 gxf6
21. Kb1 Bg4 22. Rd5 Bc5 23. Re1 Be6 24. Rxd8+ Rxd8 25. b4= Bb6 26. a4 a6 27. a5 Ba7 28. Kb2 Kf8 29. Kc1 Ke7 30. Bd1 b5
31. axb6 Bxb6 32. Kc2 Rc8 33. Kb2 Rg8 34. Bf3 Bc4 35. Bd2 Bb5 36. Ra1 Rd8=
1/2-1/2

[Event "They are watching!"]
[Site "SchemingMind.com"]
[Date "2014.01.01"]
[Round "-"]
[White "michel"]
[Black "John Hamer"]
[Result "1/2-1/2"]
[WhiteCountry "CAN"]
[BlackCountry "ENG"]
[WhiteElo "2197"]
[WhiteRD "56"]
[BlackElo "2079"]
[BlackRD "70"]
[GameID "344413"]

1. e4 c6 2. d4 d5 3. exd5 cxd5 4. c4 Nf6 5. Nc3 e6 6. Nf3 Bb4 7. cxd5 exd5 8. Qa4+ Nc6 9. Bb5 O-O 10. Bxc6 Bxc3+
11. bxc3 bxc6 12. O-O Qc7 13. Ne5 Bd7 14. Bf4 Rfe8 15. Nd3 Qc8 16. Qa3 Bf5 17. Nc5 Nh5 18. Be5=
1/2-1/2